00000000nam##2200000za#4500
0019.680437
003CaOODSP
00520200330063940
007ta
008150407|1998||||xxc|||||     f|0| 0 fre|d
020 |a0-662-82898-4
040 |aCaOODSP|bfre
043 |an-cn---
0861 |aRC31-6/1998F
1101 |aCanada.|bCommission des revendications des Indiens.
24510|aEnquête sur le Conseil tripartite chippaouais : |brevendication concernant le Traité Collins
260 |aOttawa - Ontario : |bCommission des revendications des Indiens |c1998.
300 |a42p. : |bcartes, références ; |c28 cm.
500 |a«[...] une enquête au sujet de la revendication des Premières Nations chippaouaises de Beausoleil, Rama et de l'Île Georgina liée au Traité Collins [...] en relation à l'accord passé entre la Couronne et les chippaouais pour un droit de passage à partir du lac Simcoe jusqu'au lac Huron en échange de certaines promesses qui n'ont pas été remplies.»--Lettre de présentation.
5203 |a[...] une enquête au sujet de la revendication des Premières Nations chippaouaises de Beausoleil, Rama et de l'Île Georgina liée au Traité Collins [...] en relation à l'accord passé entre la Couronne et les chippaouais pour un droit de passage à partir du lac Simcoe jusqu'au lac Huron en échange de certaines promesses qui n'ont pas été remplies.--Lettre de présentation
563 |aReliure à spirale
590 |a98-19|b1998-05-08
69107|aRevendication territoriale|2gcpds
77508|tChippewa Tri-Council Inquiry : |w(CaOODSP)9.646948